Complete physics / (Record no. 165767)

MARC details
000 -LEADER
fixed length control field 00549nam a2200181 4500
005 - DATE AND TIME OF LATEST TRANSACTION
control field 20190629122558.0
010 ## - LCCN (DPL NO)
LC control number ENG-125825
020 ## - INTERNATIONAL STANDARD BOOK NUMBER
International Standard Book Number 9789353166144
Terms of availability 845.00
035 ## - SYSTEM CONTROL NUMBER
System control number EN-109357
037 ## - SOURCE OF ACQUISITION
Source of stock number/acquisition DBAD/PUB
082 ## - DEWEY DECIMAL CLASSIFICATION NUMBER
Classification number 530
100 ## - MAIN ENTRY--PERSONAL NAME
Personal name Bajaj, N.K.
245 ## - TITLE STATEMENT
Title Complete physics /
Statement of responsibility, etc by N.K.Bajaj
260 ## - PUBLICATION, DISTRIBUTION, ETC. (IMPRINT)
Place of publication, distribution, etc Chennai
Name of publisher, distributor, etc Mc Graw Hill Education
Date of publication, distribution, etc 2019
270 ## - ADDRESS
Address 444/1, Sri Ekambara Naicker Industrial Estate
City Alapakkam , Porur, Chennai
Postal code 600116
300 ## - PHYSICAL DESCRIPTION
Extent various paging
Dimensions 28cm(pbk)
942 ## - ADDED ENTRY ELEMENTS (KOHA)
Source of classification or shelving scheme Dewey Decimal Classification
Item type English Books
Classification part 530
Call number suffix BAJ
Holdings
Withdrawn status Lost status Not for loan Collection code Home library Current library Date acquired Source of acquisition Cost, normal purchase price Full call number Barcode Copy number Cost, replacement price Koha item type
      Non-fiction Ashok Vihar Ashok Vihar 29/06/2019 DBAD/PUB 845.00 530 BAJ EN-109357 1 845.00 English Books

© Delhi Public Library
Hit Counter
free hit counter